Surveying-II / (Record no. 36657)

MARC details
000 -LEADER
fixed length control field 00570nam a22002057a 4500
005 - DATE AND TIME OF LATEST TRANSACTION
control field 20241007155916.0
008 - FIXED-LENGTH DATA ELEMENTS--GENERAL INFORMATION
fixed length control field 241007b |||||||| |||| 00| 0 eng d
020 ## - INTERNATIONAL STANDARD BOOK NUMBER
ISBN 81-7008-883-6
082 ## - DEWEY DECIMAL CLASSIFICATION NUMBER
Classification number 526.9
Item number PUN-S
100 ## - MAIN ENTRY--AUTHOR
Author Name Punmia, B.C
245 ## - TITLE STATEMENT
Title Surveying-II /
Statement of responsibility, etc. B. C. Punmia, Ashok K. Jain, and Arun K. Jain
250 ## - EDITION STATEMENT
Edition statement 15th ed.
260 ## - PUBLICATION, DISTRIBUTION, ETC.
Place of Publication India:
Name of publisher, distributor, etc. Laxmi Publications ;
Date of publication, distribution, etc. 2005.
300 ## - PHYSICAL DESCRIPTION
Pages 658 p. :
500 ## - GENERAL NOTE
General note Include Index.
650 ## - SUBJECT ADDED ENTRY--TOPICAL TERM
Subject / Department Civil / Engineering
700 ## - ADDED ENTRY--PERSONAL NAME
Personal name Jain, Ashok. K
700 ## - ADDED ENTRY--PERSONAL NAME
Personal name Jain. Arun. K
300 ## - PHYSICAL DESCRIPTION
-- ill. ;
-- 25 cm.
952 ## - LOCATION AND ITEM INFORMATION (KOHA)
-- 0
-- 0
Holdings
Lost status Damaged status Collection code Permanent Location Current Location Shelving Location Date acquired Full Call Number Accession No./Barcode Date last seen item type Koha item type
    Engineering Superior Information Resource Center (SIRC) Superior University- Main Campus Superior Information Resource Center (SIRC) Superior University- Main Campus Civil 10/07/2024 526.9 PUN-S 2005 29527 10/07/2024 BOOK BOOK

Powered by Koha